তাফসীর ফী যিলালিল কোরআন / (Record no. 6170)
[ view plain ]
| 000 -LEADER | |
|---|---|
| fixed length control field | 03506nam a2200241 a 4500 |
| 001 - CONTROL NUMBER | |
| JCCL Control Number | 6170 |
| 003 - CONTROL NUMBER IDENTIFIER | |
| JCCL marc code | BD-JhCC |
| 005 - DATE AND TIME OF LATEST TRANSACTION | |
| control field | 20220825134021.0 |
| 008 - FIXED-LENGTH DATA ELEMENTS--GENERAL INFORMATION | |
| fixed length control field | 180115s2001 bg ||||| ||a| 00| 0 eng d |
| 035 ## - SYSTEM CONTROL NUMBER | |
| system control number | (BD-JhCC)6170 |
| 040 ## - CATALOGING SOURCE | |
| Original cataloging agency | BD-JhCC |
| Modifying agency | BD-JhCC |
| 041 ## - LANGUAGE CODE | |
| Language code of Book | mul |
| 082 ## - DEWEY DECIMAL CLASSIFICATION NUMBER | |
| Classification number | 297.1226 |
| Author mark and Year | SOH 2001 |
| 100 ## - MAIN ENTRY--PERSONAL NAME | |
| Personal name | শহীদ, সাইয়েদ কুতুব |
| 245 ## - TITLE STATEMENT | |
| Title | তাফসীর ফী যিলালিল কোরআন / |
| Statement of responsibility, etc | সাইয়েদ কুতুব শহীদ; হাফেজ মুনির উদ্দীন আহমদ (অনু.) |
| 260 ## - PUBLICATION, DISTRIBUTION, ETC. (IMPRINT) | |
| Place of publication, distribution, etc | ঢাকা : |
| Name of publisher, distributor, etc | আল কোরআন একাডমী লন্ডন, |
| Date of publication, distribution, etc | 2001. |
| 300 ## - PHYSICAL DESCRIPTION | |
| Pagination | 268 p. : |
| Dimensions | 25 cm. |
| 505 ## - FORMATTED CONTENTS NOTE | |
| Formatted contents note | ১ম খন্ড : সূরা আল ফাতেহা ও সূরা আল বাকারার (প্রথম অংশ); <br/>২য় খন্ড : সূরা আল বাকারা (শেষ অংশ);<br/>৩য় খন্ড : সূরা আল ইমরান; <br/>৪র্থ খন্ড : সূরা আন নেসা; <br/>৫ম খন্ড : সূরা অাল মায়েদা; <br/>৬ষ্ঠ খন্ড : সূরা আল আনআম;<br/>৭ম খন্ড : সূরা আল আ’রাফ;<br/>৮ম খন্ড : সূরা আল আনফাল;<br/>৯ম খন্ড : সূরা আত তাওবা;<br/>১০ম খন্ড : সূরা ইউনুস, সূরা হুদ;<br/>১১তম খন্ড : সূরা ইউসুফ, সূরা আ রা’দ, সূরা ইবরাহীম;<br/>১২ তম খন্ড : সূরা আল হেজর, সূরা আন নাহল, সূরা বনি ইসরাঈল, সূরা আল কাহফ; <br/>১৩ তম খন্ড : সূরা মারইয়াম, ত্বা’হা, আল আম্বিয়া, আল হজ্জ;<br/>১৪ তম খন্ড : সূরা আল মোমেনূন, আন নূর, আল ফোরকান, আশ শোয়ারা;<br/>১৫ তম খন্ড : সূরা আন নামল, আল কাছাছ, আল আনকাবুত, আর রোম;<br/>১৬ তম খন্ড : সূরা লোকমান, আস সাজদা, আল আহযাব, সাবা;<br/>১৭তম খন্ড : সূরা ফাতের, সূরা ইয়াসীন, সূরা আছ ছাফফাত, সূরা ছোয়াদ, সূরা আঝ ঝুমার; <br/>১৮ তম খন্ড : সূরা আল মোমেন, হা-মীম আস সাজদাহ, আশ শূরা, আয যোখরুফ, আদ দোখান, আল জাছিয়া;<br/>১৯ তম খন্ড : সূরা আল আহকাফ থেকে সূরা আল ক্বামার;<br/>২০ তম খন্ড : সূরা আর রহমান থেকে সূরা আত তাহরীম;<br/>২১ তম খন্ড : সূরা আল মূলক, আল কালাম, আল হাক্কাহ, আল মায়ারেজ, নূহ, আল জ্বীন, আল মোযযাম্মেল, আল মোদ্দাসসের, আল ক্বিয়ামাহ, আল আদ দাহর, আল মোরসালাত<br/>আমপারা। <br/> |
| 650 ## - SUBJECT ADDED ENTRY--TOPICAL TERM | |
| Topical term or geographic name as entry element | Al - Quran |
| 700 ## - ADDED ENTRY--PERSONAL NAME | |
| Personal name | আহমদ, হাফেজ মুনির উদ্দীন |
| 942 ## - ADDED ENTRY ELEMENTS (KOHA) | |
| Source of classification or shelving scheme | Dewey Decimal Classification |
| Koha item type | Books |
| Koha issues (borrowed), all copies | 25 |
| Source of classification or shelving scheme | volume number | Damaged status | Not for loan | Home library | Current library | Shelving location | Date of accession | Cost, normal purchase price | Total Checkouts | Full call number | Barcode | Date last seen | Date checked out | Copy number | Koha item type |
|---|---|---|---|---|---|---|---|---|---|---|---|---|---|---|---|
| Dewey Decimal Classification | V-1 | JCC Rouf Library | JCC Rouf Library | General Stacks | 09/22/2024 | 125.00 | 4 | 297.1226 SOH 2001 | 551 | 05/28/2025 | 04/15/2025 | C - 1 | Books | ||
| Dewey Decimal Classification | V-2 | JCC Rouf Library | JCC Rouf Library | General Stacks | 295.00 | 3 | 297.1226 SOH 2001 | 552 | 10/26/2022 | 08/25/2022 | C - 2 | Books | |||
| Dewey Decimal Classification | V-3 | JCC Rouf Library | JCC Rouf Library | General Stacks | 195.00 | 2 | 297.1226 SOH 2001 | 553 | 04/12/2020 | 04/02/2020 | C - 3 | Books | |||
| Dewey Decimal Classification | V-4 | JCC Rouf Library | JCC Rouf Library | General Stacks | 09/30/2023 | 295.00 | 1 | 297.1226 SOH 2001 | 554 | 09/30/2023 | 04/02/2020 | C - 4 | Books | ||
| Dewey Decimal Classification | V-5 | JCC Rouf Library | JCC Rouf Library | General Stacks | 250.00 | 1 | 297.1226 SOH 2001 | 555 | 07/18/2019 | 07/11/2019 | C - 5 | Books | |||
| Dewey Decimal Classification | V-6 | JCC Rouf Library | JCC Rouf Library | General Stacks | 280.00 | 297.1226 SOH 2001 | 556 | 01/15/2018 | C - 6 | Books | |||||
| Dewey Decimal Classification | V-7 | JCC Rouf Library | JCC Rouf Library | General Stacks | 250.00 | 1 | 297.1226 SOH 2001 | 557 | 04/19/2020 | 03/29/2020 | C - 7 | Books | |||
| Dewey Decimal Classification | V-8 | JCC Rouf Library | JCC Rouf Library | General Stacks | 120.00 | 1 | 297.1226 SOH 2001 | 558 | 11/20/2021 | 10/16/2021 | C - 8 | Books | |||
| Dewey Decimal Classification | V-9 | JCC Rouf Library | JCC Rouf Library | General Stacks | 210.00 | 297.1226 SOH 2001 | 559 | 01/15/2018 | C - 9 | Books | |||||
| Dewey Decimal Classification | V - 10 | JCC Rouf Library | JCC Rouf Library | General Stacks | 250.00 | 297.1226 SOH 2001 | 560 | 01/15/2018 | C - 10 | Books | |||||
| Dewey Decimal Classification | V - 11 | JCC Rouf Library | JCC Rouf Library | General Stacks | 225.00 | 297.1226 SOH 2001 | 561 | 01/15/2018 | C - 11 | Books | |||||
| Dewey Decimal Classification | V - 12 | JCC Rouf Library | JCC Rouf Library | General Stacks | 295.00 | 297.1226 SOH 2001 | 562 | 01/15/2018 | C - 12 | Books | |||||
| Dewey Decimal Classification | V - 13 | JCC Rouf Library | JCC Rouf Library | General Stacks | 250.00 | 297.1226 SOH 2001 | 563 | 01/15/2018 | C - 13 | Books | |||||
| Dewey Decimal Classification | V - 14 | JCC Rouf Library | JCC Rouf Library | General Stacks | 285.00 | 297.1226 SOH 2001 | 564 | 01/15/2018 | C - 14 | Books | |||||
| Dewey Decimal Classification | V - 15 | JCC Rouf Library | JCC Rouf Library | General Stacks | 200.00 | 297.1226 SOH 2001 | 565 | 01/15/2018 | C - 15 | Books | |||||
| Dewey Decimal Classification | V - 16 | JCC Rouf Library | JCC Rouf Library | General Stacks | 195.00 | 297.1226 SOH 2001 | 566 | 01/15/2018 | C - 16 | Books | |||||
| Dewey Decimal Classification | V - 17 | JCC Rouf Library | JCC Rouf Library | General Stacks | 180.00 | 297.1226 SOH 2001 | 567 | 01/15/2018 | C - 17 | Books | |||||
| Dewey Decimal Classification | V - 18 | JCC Rouf Library | JCC Rouf Library | General Stacks | 215.00 | 297.1226 SOH 2001 | 568 | 01/15/2018 | C - 18 | Books | |||||
| Dewey Decimal Classification | V - 19 | JCC Rouf Library | JCC Rouf Library | General Stacks | 250.00 | 297.1226 SOH 2001 | 569 | 01/15/2018 | C - 19 | Books | |||||
| Dewey Decimal Classification | V - 20 | JCC Rouf Library | JCC Rouf Library | General Stacks | 245.00 | 1 | 297.1226 SOH 2001 | 570 | 09/29/2019 | 04/07/2019 | C - 20 | Books | |||
| Dewey Decimal Classification | V - 21 | JCC Rouf Library | JCC Rouf Library | General Stacks | 195.00 | 1 | 297.1226 SOH 2001 | 571 | 02/23/2020 | 02/22/2020 | C - 21 | Books | |||
| Dewey Decimal Classification | JCC Rouf Library | JCC Rouf Library | General Stacks | 295.00 | 1 | 297.1226 SOH 2001 | 572 | 08/07/2022 | 06/01/2021 | C - 22 | Books |